000 00869nam a2200121Ia 4500
008 220615s9999||||xx |||||||||||||| ||und||
245 0 _aTransnational Solidarity in Times of Crises
_bCitizen Organisations and Collective Learning in Europe
546 _aEnglish[eng]
650 _aPolitical Sociology||Social Sciences, general||Migration||Social Policy||Sociology of Organizations and Occupations||Sociology of Migration||European Studies||Social movements||Activism||volunteering||Disability||Unemployment||Immigration||Open Access||Sociology||Politics & government||Society & Social Sciences||Migration, immigration & emigration||Political economy||Social & ethical issues
700 _aLahusen, Christian||Zschache, Ulrike||Kousis, Maria
856 _uhttps://library.oapen.org/bitstream/20.500.12657/42919/1/2021_Book_TransnationalSolidarityInTimes.pdf
942 _cEB
999 _c14279
_d14279